| 000 | 00943nam a22002297a 4500 | ||
|---|---|---|---|
| 005 | 20240530110344.0 | ||
| 008 | 141126q2010 ua f grb 000 0 ara d | ||
| 040 | _aEG-CaGPL | ||
| 041 | 0 | _aara | |
| 082 | 0 | 4 |
_221 _a398.22\ _bم ا |
| 100 | 0 |
_aمها محمد السيد _cاستاذ مساعد الاثار اليونانية والرومانية كلية الاداب - جامعة طنطا |
|
| 245 | 1 |
_aالالهة والاساطير اليونانية / _cمها محمد السيد احمد |
|
| 260 |
_a[ د . م ] _b[ د . ن ] _c[ 2010 ] |
||
| 300 |
_a174 ص : _bلوحات ؛ _c24 سم |
||
| 504 | _aيشتمل على ارجاعات ببليوجرافية | ||
| 650 | 0 | 4 |
_aاليونان القديمة _xاساطير |
| 650 | 0 | 4 | _aالاساطير التاريخية |
| 650 | 0 | 4 | _aالاساطير اليونانية |
| 650 | 0 | 4 |
_aالالهه _xاساطير |
| 942 |
_2ddc _cBK |
||
| 999 |
_c59940 _d59940 |
||